000 01414na a2200385 4500
001 19637
003 MIRAKIL
005 20181213155213.0
008 161221b tu 000 0
035 _a19637
040 _aMilas
_btur
_cTR-AnCHP
041 _atur
082 _aCHP 324.2372092
_bB29e 2002
090 _aBROŞÜR 52
100 _aBaykal, Deniz
_cCHP Genel Başkanı
240 _aŞimdi CHP zamanı
_f2002
_kCumhuriyet kazanacak! Halk kazanacak!
245 _aLobilerin değil, esnaf ve kobilerin iktidarı olacağız!
_c[Deniz Baykal]
_k[Broşür]
246 _aEsnaf ve kobilerin iktidarı olacağız
260 _aAnkara
_bCHP
_c2002
300 _abroşür
_c20 sm.
440 _aCumhuriyet Halk Partisi yayınları
_pŞimdi CHP zamanı dizisi
_pBroşürler
600 _aBaykal, Deniz
_cCHP Genel Başkanı
_xPropaganda ve ideolojiler
_yEsnaflar
600 _aBaykal, Deniz
_xSeçim kampanyaları, 2002
_yEsnaflar
610 _aCHP
_xPropaganda ve ideolojiler
_yGenel seçimler, 2002
610 _aCHP
_xSeçim kampanyaları, 2002
_yEsnaflar
610 _aCHP
_xSiyaset ve yönetim
_yBaykal dönemi
651 _aTürkiye
_xSiyaset ve yönetim
_y2002-2007
657 _aCHP seçim propagandaları
657 _aCHP seçim kampanyaları
657 _aŞimdi CHP kampanyası
830 _aŞimdi CHP dizisi
830 _aCHP broşürleri
942 _2ddc
_cBKS
999 _c8461
_d8461